Quiz drapeaux européens - Carte - Statistiques

Statistiques générales
  • Ce quiz a été pris 878 fois
  • Le résultat moyen est 29 sur 45
Réponses sur la Carte
Les réponses sont colorées sur une échelle allant du rouge au vert en fonction du pourcentage des utilisateurs qui les ont devinées à leur premier essai. Vous pouvez retrouver ces pourcentages ci-dessous.
 
Statistiques - réponses
Réponse % Correct
France
93%
Espagne
91%
Portugal
90%
Royaume-Uni
88%
Italie
88%
Irlande
87%
Allemagne
84%
Grèce
83%
Belgique
82%
Suisse
80%
Russie
78%
Suède
74%
Islande
74%
Ukraine
73%
Norvège
72%
Pays-Bas
72%
Luxembourg
71%
Finlande
71%
Danemark
71%
Austriche
64%
Pologne
63%
Belarus
62%
Vatican
62%
Croatie
61%
Estonie
61%
République Tchèque
60%
Monaco
59%
Roumanie
58%
Malte
56%
Albanie
55%
Lettonie
54%
Saint Marin
54%
Bosnie Herzégovine
52%
Liechtenstein
52%
Andorre
52%
Kosovo
52%
Macédoine
49%
Lithuanie
47%
Bulgarie
45%
Moldovie
45%
Monténégro
44%
Serbie
43%
Slovénie
43%
Slovaquie
42%
Hongrie
42%
Aucun quiz correspondant
Distribution des résultats
% des personnes avec chaque résultat
Percentile par nombre de réponses
Votre historique - résultats
Vous n’avez pas pris ce quiz